000 00586nam a2200241 a 4500
001 nice12345678
003 IN_TiNIC
005 20260116013046.0
008 050524s1975 newa grp 000 0 eng
020 _a0262357
_c588
082 0 0 _a909.04927
_bHAY
100 _aHayes, John R
245 _aGenius of Arab Civilization
260 _aNew York
_bMIT Press
_c1975
300 _a231p
500 _aincludes index and biblioraphy
505 2 _aIndices
650 _aCivilization-Islamic
700 1 _aHayes, John R
902 _bSRS
942 _cBK
999 _c9475
_d9475